000 00683nam a22002297a 4500
005 20250903143342.0
008 250903b |||||||| |||| 00| 0 eng d
020 _a978-81-952960-5-7 (pbk)
037 _cTB
040 _aCRL
_cCRL
041 _2SIN
_aSIN
084 _aO1593,6x P1
_bCRL
100 _aSharma, Goverdhan
245 _aAkhyoon Bootijan Khan Avali
260 _aAhmedabad, India:
_bScan Computers,
_c2021.
300 _a204p.
365 _b400.00
_cINR
650 _aSindhi Literature
650 _aSindhi Prose
_9819829
942 _2CC
_cTB
_hO1593,6x P1
_n0
999 _c1435124
_d1435124